| 000 | 00957pam a2200253 a 4500 | ||
|---|---|---|---|
| 001 | 990000 | ||
| 005 | 19871008000000.0 | ||
| 008 | 861119s1987 nyua b 001 0 eng | ||
| 010 | _a 86028255 | ||
| 020 | _a0442264755 | ||
| 040 |
_aDLC _cDLC _dDLC |
||
| 050 | 0 | 0 |
_aTP1142 _b.H377 1987 |
| 082 | 0 | 0 |
_a668.494 _222 _bREI |
| 245 | 0 | 0 |
_aHandbook of reinforcements for plastics / _cedited by John V. Milewski, Harry S. Katz. |
| 260 |
_aNew York : _bVan Nostrand Reinhold Co., _cc1987. |
||
| 300 |
_ax, 431 p. : _bill. ; _c26 cm. |
||
| 504 | _aIncludes bibliographies and index. | ||
| 650 | 0 |
_aPlastics _xAdditives _xHandbooks, manuals, etc. _96564 |
|
| 650 | 0 |
_aReinforced plastics _xHandbooks, manuals, etc. _96565 |
|
| 700 | 1 |
_aMilewski, John V. _96566 |
|
| 700 | 1 |
_aKatz, Harry S. _96567 |
|
| 942 |
_2ddc _cBB |
||
| 999 |
_c11928 _d11928 |
||